000 00866nam a2200253Ia 4500
003 OSt
005 20220925181515.0
006 a|||||r|||| 00| 0
007 ta
008 220923b |||||||| |||| 00| 0 eng d
020 _c5501.6300000000001
037 _b10797, 28/09/2012, Elite Publisher Distributors
_cGeneral Book
040 _aRTL
_cRTL
_beng
041 _2eng
_aeng
082 _aX:77:(G:55), Q2
100 _aPATTBERG Philipp P.
_9253979
245 0 _aPublic private partnerships for sustainable development
_b Emergence, Influence and legitimacy
260 _aCheltenham
_bEdward Elgar
_c2012
300 _axiv, 273p
_ccm.
500 _aAppndix: p 249-258
650 _aGeography
942 _hX:77:(G:55), Q2
_cGB
_2CC
999 _c499454
_d499454